| 000 | 006790000a22002050004500 | ||
|---|---|---|---|
| 003 | LK-CoMWRAF | ||
| 005 | 20231024115236.0 | ||
| 008 | 230817t1992 ||||| |||| 00| 0 eng d | ||
| 020 | _a0415905990 | ||
| 040 |
_aLK-CoMWRAF _dLK-CoMWRAF _eLK-CoMWRAF |
||
| 041 | _aeng | ||
| 082 |
_a305.42 _bRYA |
||
| 100 | _aRyan, Barbara | ||
| 245 |
_aFeminism and the women's movement: _bdynamics of change in social movement ideology and activism |
||
| 260 |
_aLondon: _bRoutledge, _c1992 |
||
| 300 |
_axii. 203 p. : ill. ; 22cm. _bBibliography and index included |
||
| 490 | _aPerspectives on gender | ||
| 650 | _aFEMINISM-UNITED STATES-History-19th century and 20th century | ||
| 942 | _cBK | ||
| 999 |
_c1392 _d1392 |
||